000 01084nam a22002657a 4500
001 BD-DhSAU
003 BD-DhSAU
005 20241214115448.0
008 150420b2005 bg ||||| m||| 00| 0 eng d
040 _aBD-DhSAU
082 _222
_a571.92
_bSa154
100 _aAKTER, SADIA
_eRegistration No. # 16-07142
245 _aEco-friendly management of pestalotia leaf spot disease of betelvine (piper betle l.) caused by pestalotia sp.
_bMS thesis
260 _aSher-e-Bangla Agricultural University:
_bDepartment of Plant Pathology,
_c2023.
300 _axii, 61p. ;
_c30 cm.
500 _aMS thesis of Department of Plant Pathology, SYSTEM , Faculty of Agriculture , Sher-e-Bangla Agricultural University, Dhaka, Bangladesh
504 _aIncludes bibliographical reference.
590 _aNazmul
650 _apestalotia leaf spot disease
651 _abetelvine (piper betle l.) caused by pestalotia sp
700 _aProf. Dr. Md. Rafiqul Islam
_eSuperviser
700 _aAssioco. Prof. Dr. Sayed Mohammad Mohsin
_eCo-superviser
942 _2ddc
_cTHESIS
999 _c17702
_d17701